| 000 -LEADER |
| fixed length control field |
00439nam a22001577a 4500 |
| 005 - DATE AND TIME OF LATEST TRANSACTION |
| control field |
20230815112024.0 |
| 008 - FIXED-LENGTH DATA ELEMENTS--GENERAL INFORMATION |
| fixed length control field |
230815s1955 enk||||| |||| 00| 0 eng d |
| 080 ## - UNIVERSAL DECIMAL CLASSIFICATION NUMBER |
| Universal Decimal Classification number |
902 W-83 |
| 100 ## - MAIN ENTRY--PERSONAL NAME |
| Personal name |
Woolley, Leonard |
| 9 (RLIN) |
19676 |
| 245 ## - TITLE STATEMENT |
| Title |
EXCAVATIONS AT UR / |
| Statement of responsibility, etc. |
Leonard Woolley. |
| 264 ## - PRODUCTION, PUBLICATION, DISTRIBUTION, MANUFACTURE, AND COPYRIGHT NOTICE |
| Place of production, publication, distribution, manufacture |
London, |
| Date of production, publication, distribution, manufacture, or copyright notice |
1955. |
| 300 ## - PHYSICAL DESCRIPTION |
| Extent |
262 p.: |
| Other physical details |
ill.; |
| Dimensions |
22 cm. |
| 653 ## - INDEX TERM--UNCONTROLLED |
| keyword |
გათხრები |
| 653 ## - INDEX TERM--UNCONTROLLED |
| keyword |
არქეოლოგია |
| 942 ## - ADDED ENTRY ELEMENTS (KOHA) |
| Source of classification or shelving scheme |
|
| Koha item type |
წიგნი |